00836 2200385 4500001002100000008004100021035002000062245004200082100001500124250000600139260002900145084001400174082000800188650001400196990001200210990001200222990001200234990001200246990001200258990001200270990001200282990001200294990001200306990001200318990001200330990001200342990001200354990001200366990001200378990001200390990001200402990001200414990001200426990001200438INLIS000000000001582 ind  a0010-0125000080 aFisika Untuk SMA Kelas XIcSupriyanto aSupriyanto a1 aJakarta :bPhibetac2007 a530 SUP f a530 aNon Fiksi a0715099 a0715100 a0715101 a0715102 a0715103 a0715104 a0715105 a0715106 a0715107 a0715108 a0715109 a0715110 a0715111 a0715112 a0715113 a0715114 a0715115 a0715116 a0715117 a0715118